Measuring the impact of flooding on UK house prices (Record no. 79205)

MARC details
000 -LEADER
fixed length control field 01326cab a22002295a 4500
001 - CONTROL NUMBER
control field L140125
008 - FIXED-LENGTH DATA ELEMENTS--GENERAL INFORMATION
fixed length control field 070905s2007 xxkd f s 000 0 eng d
035 ## - SYSTEM CONTROL NUMBER
System control number (Sirsi) u140125
041 0# - LANGUAGE CODE
Language code of text/sound track or separate title eng
100 1# - MAIN ENTRY--PERSONAL NAME
Personal name Lamond, Jessica
245 00 - TITLE STATEMENT
Title Measuring the impact of flooding on UK house prices
Remainder of title a new framework for small sample problems
260 ## - PUBLICATION, DISTRIBUTION, ETC.
Date of publication, distribution, etc. 2007
490 ## - SERIES STATEMENT
Series statement Property Management
Volume/sequential designation 25(4) 2007, 344-359(16)
520 ## - SUMMARY, ETC.
Summary, etc. Research paper attempts to show the importance of information about the effect of flooding and flood risk on house prices. Such information is invaluable to both professional valuers and homeowners. Even after a relatively large flood, the number of properties affected is small and this presents problems for statistical analysts in terms of sample size. Presents a framework for analysing the effect on house value in the UK. The framework is substantially modified from estimation practices applied elsewhere. It attempts to allow transfer to multiple sites and is presented via empirical study. The data issues encountered are described.
590 ## - LOCAL NOTE (RLIN)
Local note KA
651 #4 - SUBJECT ADDED ENTRY--GEOGRAPHIC NAME
Geographic name United Kingdom
Chronological subdivision
690 ## - LOCAL SUBJECT ADDED ENTRY--TOPICAL TERM (OCLC, RLIN)
Topical term or geographic name as entry element ENVIRONMENTAL AND LAND CONSULTANCY-WATER RESOURCE MANAGEMENT-FLOODING
690 ## - LOCAL SUBJECT ADDED ENTRY--TOPICAL TERM (OCLC, RLIN)
Topical term or geographic name as entry element Residential property
9 (RLIN) 6266
700 1# - ADDED ENTRY--PERSONAL NAME
Personal name Proverbs, David
700 1# - ADDED ENTRY--PERSONAL NAME
Personal name Adarkwah, Antwi
942 ## - ADDED ENTRY ELEMENTS (KOHA)
Suppress in OPAC 0
Holdings
Withdrawn status Lost status Source of classification or shelving scheme Damaged status Not for loan Home library Current library Shelving location Date acquired Total Checkouts Full call number Barcode Date last seen Copy number Price effective from Koha item type
    Dewey Decimal Classification     London London Journal article 05/09/2007   L140125 140125-1001 06/08/2019 1 06/08/2019 Journal article